Statystyki dla Quiz o Mauritiusie

Kliknij tutaj aby rozwiązać quiz!

Ogólne statystyki

  • Ten quiz został rozwiązany 493 razy
  • Średni wynik to 8 z 14

Statystyki odpowiedzi

WskazówkaOdpowiedź% Poprawnych
Jedyny kraj, który był całkowicie niezamieszkany dłużej niż Mauritius
(wskazówka: kolejny afrykański kraj wyspiarski)
Seszele
89%
Kraj, od którego Mauritius uzyskał niepodległość w 1968 rokuWielka Brytania
89%
Akwen, w którym znajduje się MauritiusOcean Indyjski
83%
Nielotny ptak, który wyginął wkrótce po zasiedleniu MauritiusaDodo
75%
Język, na którym opiera się powyższeFrancuski
74%
Pierwszy kraj, który osiedlił się na Mauritiusie w 1638 rokuHolandia
67%
StolicaPort Louis
64%
Najpopularniejsza religiaHinduizm
63%
Nazwa głównej wyspy MauritiusaMauritius
55%
Najpopularniejszy językKreolski
46%
WalutaRupia
42%
Główna uprawa eksportowa XIX wiekuCukier
40%
Pobliski archipelag, którego główną wyspą jest Diego Garcia, nad którym
Mauritius stara się przejąć kontrolę
Czagos
30%
Druga co do wielkości wyspaRodrigues
30%

Rozkład punktacji

Percentyl według liczby udzielonych odpowiedzi

Procent ludzi z każdym wynikiem

Twoja historia wyników

Nie rozwiązałeś tego quizu